00863nam a2200205 a 4500008004100000020001500041050001600056100002400072245007100096260003300167300002300200350000900223490002800232500002000260650006100280650006300341995010400404999001700508952013200525120416s1975 ||||||||||||||||| || u a0070544964 aHF 1411 Sal aSalvatore, Dominick10aSchaum's outline of theory and problems of international economics aNew York:bMcGraw-Hillc1975 aviii, 191p. : ill. a0.00 aSchaum's outline series aIncludes index. 0aINTERNATIONAL ECONOMIC RELATIONS--OUTLINES, SYLLABI, ETC 0aINTERNATIONAL ECONOMIC RELATIONS--PROBLEMS, EXERCISES, ETC D0.00FCBU-MAIN LIBRARY (Kitwe)H1I0.00UDAMAGEDWJun 11, 2009ZMain Library Open Access Collection c57029d57029 00102lcc4070a001b001cMain Library Open Access Collectiond2022-11-30l0oHF 1411 Salp718473r2022-11-30w2022-11-30y002